The emerging digital economy : entrepreneurship, clusters, and policy

Saved in:
Bibliographic Details
Other Authors: Johansson, B. (Borje) (Editor), Karlsson, Charlie 1945- (Editor), Stough, Roger (Editor)
Format: Book
Language:English
Published: Berlin : Springer, 2006
Series:Advances in spatial science
Subjects:
Tags: Add Tag
No Tags, Be the first to tag this record!

MARC

LEADER 00000nam a2200000 i 4500
001 1/11701
008 110124s2006 eng d
020 |a 978-3-540-34487-2 
020 |a 3-540-34487-X 
035 |l 10109510 
040 |a GR-MY-UA  |b gre  |e aacr 
041 0 |a eng 
082 0 |a 303.4833  |2 (22) 
245 1 4 |a The emerging digital economy :  |b entrepreneurship, clusters, and policy /  |c edited by Borje Johansson, Charlie Karlsson and Roger Stough 
260 |a Berlin :   |b Springer,   |c 2006 
300 |a x, 352 σ.;  |b πίν., σχέδια;  |c 24 εκ. 
490 1 |a Advances in spatial science 
504 |a Περιέχει βιβλιογραφικές παραπομπές και ευρετήριο 
650 0 0 |a Information technology  |x Economic aspects  |x Congresses. 
650 0 0 |a Technology and civilization  |x Congresses. 
700 1 |a Johansson, B. (Borje)  |4 edt 
700 1 |a Karlsson, Charlie  |d 1945-  |4 edt 
700 1 |a Stough, Roger.  |4 edt 
830 0 |a Advances in spatial science 
852 |a INST  |b CHIOS  |e 20110124  |h 303.4833 EME  |p 005200031314  |q 005200031314  |t BK  |y 0 
901 |a BIBL2-2011-1 
909 |a Χ  |b 166873 
922 |a 2ΕΛΗ  |b 201011  |c ΤΑΚ/ΤΔΕ  |d ΜΙΧΑΛΟΠΟΥΛΟΣ 
970 |a ΣΠΕΝΤΖΑ  |b ΕΛΕΝΗ  |z 2011/01/24